000 01832nam a22002897a 4500
001 1525
003 FISKH
005 20250527162641.0
008 230901b cb ||||| |||| 00| 0 khr d
020 _a9789995054120
040 _aFISKH
_beng
_cFISKH
_dFISKH
082 _a567.9
100 _aFrattini, Stephane
245 _aដាយណូស័រ និងការផុតពូជរបស់វា​ /
_cនិពន្ធដោយ Stephane Frattini - ប្រែសម្រួលដោយ ហុក សុទ្ធិ
260 _aMilan :
_bSipar,
_c2001.
300 _a32 pages :
_bcolor illustrations ;
_c 20 cm
490 _aខ្ញុំចង់ដឹង
505 _aZ'
520 _aដាយណូស័រ និងការផុតពូជរបស់វាពិពណ៌នាអំពីកំណើត ជីវិត ប្រភេទ និងការវិវត្តន៍របស់ដាយណូស័រ ក៏ដូចជាបរិស្ថានវិទ្យា និងបរិស្ថានដែលពួកគេរស់នៅ។ លើសពីនេះ វារួមបញ្ចូលការស្រាវជ្រាវបែបវិទ្យាសាស្ត្រស្តីពីការជីកកកាយហ្វូស៊ីលរបស់ដាយណូស័រ។
520 _aThe dinosaurs and their extinction describes the birth, life, type and evolution of dinosaurs as well as the ecology and environment that they lived in. Moreover, it includes the scientific research on dinosaurs’ fossil excavation and exposition.
521 8 _a1000
_bLexile estimate
521 8 _aZ'
_bRaz-Plus
650 _aDinosaurs
650 _aដាយណូស័រ
700 _aMac, Regis
_eillustrator
942 _2ddc
_cBK
_n0
999 _c1525
_d1525